[Event "Napoli Moscarella Memorial"]
[Site "Napoli"]
[Date "2016.01.14"]
[Round "2"]
[White "Somma, Erminio"]
[Black "Orefice, Matteo"]
[Result "1/2-1/2"]
[WhiteElo "1532"]
[BlackElo "1423"]
[PlyCount "112"]
[EventDate "2016.01.07"]
[EventType "swiss"]
[EventRounds "6"]
[EventCountry "ITA"]
[SourceTitle "EXT 2018"]
[Source "ChessBase"]
[SourceDate "2017.10.13"]
[SourceVersion "1"]
[SourceVersionDate "2017.10.13"]
[SourceQuality "1"]

1. Nf3 d5 2. d4 Nf6 3. e3 Nc6 4. c3 Bg4 5. Be2 e6 6. Nbd2 Be7 7. 0-0 0-0 8. h3 Bh5 9. c4 Re8 10. c5 a6 11. a3 b6 12. cxb6 cxb6 13. b4 b5 14. Re1 Rc8 15. Bb2 Qb6 16. Rc1 Bd6 17. g4 Bg6 18. Nh4 Be4 19. f3 Bg3 20. Rf1 Bxh4 21. fxe4 Qc7 22. e5 Nd7 23. Nf3 Be7 24. g5 f6 25. gxf6 gxf6 26. Kh1 fxe5 27. Rg1+ Kh8 28. Nxe5 Ndxe5 29. dxe5 Rg8 30. Bg4 Qd7 31. Qd3 Rcf8 32. Rcf1 Bd8 33. Rxf8 Rxf8 34. Rf1 Rxf1+ 35. Qxf1 Qe7 36. Qf2 Bb6 37. Bd4 Bxd4 38. exd4 Kg7 39. h4 Qf7 40. Qg3 Qg6 41. h5 Qg5 42. h6+ Kxh6 43. Qh3+ Kg6 44. Qd3+ Kg7 45. Bxe6 Qh6+ 46. Bh3 Qc1+ 47. Kh2 Qf4+ 48. Qg3+ Qxg3+ 49. Kxg3 Nxd4 50. Bg2 Nc2 51. Kf4 Kf8 52. Bxd5 Nxa3 53. Bb7 Nc2 54. Bxa6 Nxb4 55. Bxb5 Ke7 56. Bc4 Nc6 1/2-1/2